000 00500nam a2200169Ia 4500
003 GCL
008 140319s9999 xx 000 0 ara d
040 _aGCL /
_cGCL
082 0 4 _a230
_bام
100 1 _aابى محمد عبد بن حميد
245 1 0 _aالمنتخب من مسند عبد بن حميد /
_cابى محمد عبد بن حميد
260 _a[S.N] :
_bعالم الكتب الحديث ،
_c1988
300 _a541 ص
490 _a
650 0 4 _aالحديث
942 _2ddc
_cBK
999 _c54357
_d54357